|
|
|
|
| LEADER |
00000nam0a2200000 4500 |
| 001 |
266662 |
| 005 |
20231101234024.0 |
| 020 |
|
|
|a RU
|b 84-50728
|
| 035 |
|
|
|a (RuTPU)RU\TPU\book\289682
|
| 090 |
|
|
|a 266662
|
| 100 |
|
|
|a 20140714d1984 k a0rusy5003 ca
|
| 101 |
0 |
|
|a rus
|
| 102 |
|
|
|a RU
|
| 105 |
|
|
|a a z 001zy
|
| 200 |
1 |
|
|a Хелатообразующие сорбенты
|f Г. В. Мясоедова, С. Б. Саввин
|g Академия наук СССР (АН СССР), Институт геохимии и аналитической химии им. В. И. Вернадского (ГЕОХИ РАН) ; под ред. В. М. Иванова
|
| 210 |
|
|
|a Москва
|c Наука
|d 1984
|
| 215 |
|
|
|a 173 с.
|c ил.
|
| 225 |
1 |
|
|a Аналитические реагенты
|
| 606 |
1 |
|
|a Хелатные соединения
|x Применение в аналитической химии
|2 stltpush
|3 (RuTPU)RU\TPU\subj\73370
|9 86402
|
| 610 |
1 |
|
|a аналитические реагенты
|
| 610 |
1 |
|
|a синтез
|
| 610 |
1 |
|
|a физико-химические свойства
|
| 610 |
1 |
|
|a сорбционные методы
|
| 610 |
1 |
|
|a концентрирование
|
| 610 |
1 |
|
|a разделение
|
| 675 |
|
|
|a 543-412.2
|v 3
|
| 700 |
|
1 |
|a Мясоедова
|b Г.В.
|g Галина Владимировна
|4 070
|
| 701 |
|
1 |
|a Саввин
|b С. Б.
|g Сергей Борисович
|4 070
|
| 702 |
|
1 |
|a Иванов
|b В. М.
|4 340
|
| 712 |
0 |
2 |
|a Академия наук СССР (АН СССР)
|b Институт геохимии и аналитической химии им. В. И. Вернадского (ГЕОХИ РАН)
|c (Москва)
|2 stltpush
|3 (RuTPU)RU\TPU\col\11383
|
| 801 |
|
0 |
|a RU
|b RuMRKP
|c 19950704
|g psbo
|
| 801 |
|
1 |
|a RU
|b 63413507
|c 20140714
|
| 801 |
|
2 |
|a RU
|b 63413507
|c 20151113
|g RCR
|
| 942 |
|
|
|c BK
|